Word scramble - names from the Office US - Statistics

General Stats
  • This quiz has been taken 7 times
  • The average score is 17 of 23
Answer Stats
Hint Answer % Correct
RECDE TOTNRAB CREED BRATTON
100%
DAYN RANDERB ANDY BERNARD
83%
LAANGE NAMTIR ANGELA MARTIN
83%
VAIDD CAAWLEL DAVID WALLACE
83%
GIDHTW URHTECS DWIGHT SCHRUTE
83%
HYLOL FAXL HOLLY FLAX
83%
NJA NONSIELV JAN LEVINSON
83%
MIJ TALHERB JIM HALBERT
83%
KLEYL POROKA KELLY KAPOOR
83%
LAMIHEC TOCTS MICHAEL SCOTT
83%
MPA SLYEBE PAM BEESLY
83%
BRETOR ROINLACAIF ROBERT CALIFORNIA
83%
NYRA DRAWHO RYAN HOWARD
83%
BOYT SERDONNELF TOBY FLENDERSON
83%
NEIR NAHNON ERIN HANNON
67%
BAGE WELSI GABE LEWIS
67%
EKVIN LOANME KEVIN MALONE
67%
REEMIDTH ARMPEL MEREDITH PALMER
67%
ROACS ZEINARMT OSCAR MARTINEZ
67%
LYHIPSL PANIL PHYLLIS LAPIN
67%
RADRYL PIIHBLN DARRYL PHILBIN
50%
YESLANT UHSNOD STANLEY HUDSON
50%
LELENI BARREMT NELLIE BERTRAM
17%
No matching quizzes found
Score Distribution
Percent of People with Each Score
Percentile by Number Answered
Your Score History
You have not taken this quiz